000 01848nkm0a22003851 4500
001 RU\NLR\INFOCOMM_10\5000065961
005 20250806205354.0
035 _a(NLR Aleph) 010755496
090 _a77704
_c77704
100 _a20250806 rusy50
101 0 _arus
102 _aRU
116 _aiybxx xx zz
135 _acrcn 024apaba
200 1 _a[Бланк для письма с фронта]
_bИзоматериалы
210 _a[Москва]
_cВоениздат НКО СССР
_d[194?]
215 _a1 л., сложенный вдвое
_cил.
300 _aНа обороте стихи бойца Ивана Мухи "Загадки-отгадки" (1. Фашистский череп. 2. Ручная граната. 3. Мина) с двумя иллюстрациями
309 _aНа коричневой бумаге
325 _aКопия доступна в Электрон. б-ке РНБ
606 1 0 _aБлокада Ленинграда
_z1941 - 1944
_2nlr_sh
_3RU\NLR\AUTH\661253360
801 1 _aRU
_binfocomm
_c20150324
801 0 _aRU
_bNLR
_gPSBO
852 _aNLR
_bЛ3-340
_j3/16
_pЛМ.16
852 _aNLR
_bЛ3-340
_j3/16
_pЛМ.2356
856 0 _uhttp://vivaldi.nlr.ru/al000000016/view
856 1 _uhttp://vivaldi.nlr.ru/al000000016/cover
856 2 _uhttp://vivaldi.nlr.ru/al000000016/text
942 _cVISUAL
945 _aРоссийская национальная библиотека
980 _aBV
981 3 7 _a(37) Ленинград в Великой Отечественной войне
_b(37) Открытки блокадного Ленинграда
981 3 4 _a(34) Санкт-Петербург